书目信息 |
| 题名: |
从对抗到共赢
|
|
| 作者: | 杨杜泽 著 | |
| 分册: | ||
| 出版信息: | 北京 中信出版集团股份有限公司 2019 |
|
| 页数: | 12,162页 | |
| 开本: | 21cm | |
| 丛书名: | ||
| 单 册: | ||
| 中图分类: | C912.35 , C912.3 | |
| 科图分类: | ||
| 主题词: | 谈判学 | |
| 电子资源: | ||
| ISBN: | 978-7-5217-1038-0 | |
| 000 | 01043nam0 2200253 450 | |
| 001 | 2056658068 | |
| 005 | 20201127154458.96 | |
| 010 | @a978-7-5217-1038-0@dCNY49.00 | |
| 100 | @a20191128d2019 em y0chiy50 ea | |
| 101 | 0 | @achi |
| 102 | @aCN@b110000 | |
| 105 | @ay z 000yy | |
| 200 | 1 | @a从对抗到共赢@9cong dui kang dao gong ying@b专著@e像顶级谈判专家一样行动@f(法)杨杜泽[等]著 |
| 210 | @a北京@c中信出版集团股份有限公司@d2019 | |
| 215 | @a12,162页@d21cm | |
| 304 | @a著者还有:沈莉娟、王赛、范松璐 | |
| 330 | @a本书结合古今中外的经典谈判案例,对谈判者类型以及新型谈判学的“四步骤+十要素+二十六策略”的思维框架进行了解析,提供了全套的新型谈判思维与策略体系,从而促进谈判者更好地合作,尽可能降低谈判风险,以使利益相关方获得有效激励与动力,助力谈判者提升核心竞争力。 | |
| 517 | 1 | @a像顶级谈判专家一样行动@9xiang ding ji tan pan zhuan jia yi yang xing dong |
| 606 | 0 | @a谈判学 |
| 690 | @aC912.35@v5 | |
| 690 | @aC912.3@v4 | |
| 701 | 0 | @c(法)@a杨杜泽@9yang du ze@4著 |
| 801 | 2 | @aCN@b58marc.cn@c20200110 |
| 905 | @aZUCC@dC912.3@e19 | |
| 从对抗到共赢:像顶级谈判专家一样行动/(法)杨杜泽[等]著.-北京:中信出版集团股份有限公司,2019 |
| 12,162页;21cm |
| ISBN 978-7-5217-1038-0:CNY49.00 |
| 本书结合古今中外的经典谈判案例,对谈判者类型以及新型谈判学的“四步骤+十要素+二十六策略”的思维框架进行了解析,提供了全套的新型谈判思维与策略体系,从而促进谈判者更好地合作,尽可能降低谈判风险,以使利益相关方获得有效激励与动力,助力谈判者提升核心竞争力。 |
| ● |
| 相关链接 |
|
|
|
正题名:从对抗到共赢
索取号:C912.3/19
 
预约/预借
| 序号 | 登录号 | 条形码 | 馆藏地/架位号 | 状态 | 备注 |
| 1 | 870699 | 2000870699 | 第二书库/ [索取号:C912.3/19] | 在馆 | |
| 2 | 870700 | 2000870700 | 第二书库/ [索取号:C912.3/19] | 在馆 | |
| 3 | 870701 | 2000870701 | 第二书库/ [索取号:C912.3/19] | 在馆 |